Leaving whiskey bend / (Record no. 56676)
[ view plain ]
| 000 -LEADER | |
|---|---|
| fixed length control field | 01783cam a2200409 a 4500 |
| 001 - CONTROL NUMBER | |
| control field | bib 2007035964 |
| 003 - CONTROL NUMBER IDENTIFIER | |
| control field | DLC |
| 005 - DATE AND TIME OF LATEST TRANSACTION | |
| control field | 20241220122412.0 |
| 008 - FIXED-LENGTH DATA ELEMENTS--GENERAL INFORMATION | |
| fixed length control field | 070829s2008 nyu 000 1 eng |
| 010 ## - LIBRARY OF CONGRESS CONTROL NUMBER | |
| LC control number | 2007035964 |
| 020 ## - INTERNATIONAL STANDARD BOOK NUMBER | |
| International Standard Book Number | 9780446577939 (hardcover) |
| 020 ## - INTERNATIONAL STANDARD BOOK NUMBER | |
| International Standard Book Number | 0446577936 (hardcover) |
| 020 ## - INTERNATIONAL STANDARD BOOK NUMBER | |
| International Standard Book Number | 9780446695343 (trade) |
| 020 ## - INTERNATIONAL STANDARD BOOK NUMBER | |
| International Standard Book Number | 0446695343 (trade) |
| 040 ## - CATALOGING SOURCE | |
| Original cataloging agency | DLC |
| Transcribing agency | DLC |
| Modifying agency | DLC |
| -- | CoLwJCPL |
| Description conventions | rda |
| 050 00 - LIBRARY OF CONGRESS CALL NUMBER | |
| Classification number | PS3557.A71645 |
| Item number | L43 2008 |
| 082 00 - DEWEY DECIMAL CLASSIFICATION NUMBER | |
| Classification number | 813/.54 |
| Edition number | 22 |
| 092 ## - LOCALLY ASSIGNED DEWEY CALL NUMBER (OCLC) | |
| Classification number | GARLOCK |
| 099 #9 - LOCAL FREE-TEXT CALL NUMBER (OCLC) | |
| Classification number | FICTION |
| 100 1# - MAIN ENTRY--PERSONAL NAME | |
| Personal name | Garlock, Dorothy. |
| 9 (RLIN) | 28476 |
| 245 10 - TITLE STATEMENT | |
| Title | Leaving whiskey bend / |
| Statement of responsibility, etc | Dorothy Garlock. |
| 250 ## - EDITION STATEMENT | |
| Edition statement | 1st ed. |
| 260 ## - PUBLICATION, DISTRIBUTION, ETC. (IMPRINT) | |
| Place of publication, distribution, etc | New York : |
| Name of publisher, distributor, etc | Grand Central Pub., |
| Date of publication, distribution, etc | c2008. |
| 264 ## - Production, Publication, Distribution, Manufacture, and Copyright Notice. | |
| Place of production, publication, distribution, manufacture | New York : |
| Name of producer, publisher, distributor, manufacturer | Grand Central Pub., |
| Date of production, publication, distribution, manufacture, or copyr | c2008. |
| 300 ## - PHYSICAL DESCRIPTION | |
| Extent | 355 p. ; |
| Dimensions | 21 cm. |
| 336 ## - Content Type | |
| Content type term | text |
| 337 ## - Media type | |
| Media type term | unmediated |
| 338 ## - Carrier type | |
| Carrier type term | volume |
| 520 ## - SUMMARY, ETC. | |
| Summary, etc | In the late 1800s two friends, Hallie Wolcott and Pearl Parsons, decide to leave Whiskey Bend, Colorado to find a better place for women to live. The final straw came when they witnessed their friend Mary being assaulted by her stepbrother and no one stepped forward to help her. One night along the way they are caught in a violent storm and Mary nearly drowns. She is saved by a rancher who brings them back to his home to stay until Mary recovers. The rancher has his own troubles. Attracted to him and grateful, Hallie vows to help him. |
| 650 #0 - SUBJECT ADDED ENTRY--TOPICAL TERM | |
| Topical term or geographic name as entry element | Vigilantes |
| Form subdivision | Fiction. |
| 9 (RLIN) | 5675922 |
| 650 #0 - SUBJECT ADDED ENTRY--TOPICAL TERM | |
| Topical term or geographic name as entry element | Abused women |
| Form subdivision | Fiction. |
| 9 (RLIN) | 5685174 |
| 650 #0 - SUBJECT ADDED ENTRY--TOPICAL TERM | |
| Topical term or geographic name as entry element | Man-woman relationships |
| Form subdivision | Fiction. |
| 9 (RLIN) | 5674079 |
| 650 #0 - SUBJECT ADDED ENTRY--TOPICAL TERM | |
| Topical term or geographic name as entry element | Interpersonal relations |
| Form subdivision | Fiction. |
| 9 (RLIN) | 5673978 |
| 655 #7 - INDEX TERM--GENRE/FORM | |
| Genre/form data or focus term | Historical fiction. |
| Source of term | lcgft. |
| 9 (RLIN) | 6393801 |
| 907 ## - LOCAL DATA ELEMENT G, LDG (RLIN) | |
| a | .b21566422x |
| 942 ## - ADDED ENTRY ELEMENTS (KOHA) | |
| Source of classification or shelving scheme | Dewey Decimal Classification |
| Koha item type | BOOK |
| Withdrawn status | Lost status | Source of classification or shelving scheme | Damaged status | Not for loan | Collection code | Home library | Current library | Shelving location | Date acquired | Source of acquisition | Total Checkouts | Total Renewals | Full call number | Barcode | Date last seen | Date checked out | Cost, replacement price | Price effective from | Koha item type |
|---|---|---|---|---|---|---|---|---|---|---|---|---|---|---|---|---|---|---|---|
| Dewey Decimal Classification | Fiction | Wasatch County Library | Wasatch County Library | First Floor | 10/28/2020 | Donation | 6 | 2 | F Garlock | 34301000963308 | 01/27/2025 | 01/13/2025 | 19.99 | 10/28/2020 | BOOK |
